Statistiques concernant Les restaurants au cinéma

Cliquez ici pour prendre le quiz!

Statistiques générales

  • Ce quiz a été pris 252 fois
  • Le résultat moyen est 8 sur 12

Statistiques - réponses

Réponse% Correct
La Belle et le Clochard
95%
Ratatouille
95%
Le Loup de Wall Street
88%
Pulp Fiction
83%
La Princesse et la Grenouille
75%
La Cité de la Peur
74%
L'Aile ou la Cuisse
74%
American Psycho
63%
Le Parrain
60%
Inglourious Basterds
54%
Les Affranchis
38%
Everything Everywhere All At Once
9%

Distribution des résultats

Percentile par nombre de réponses

% des personnes avec chaque résultat

Votre développement - résultats

Vous n’avez pas pris ce quiz